| 000 | 00806nas a2200265 4500 | ||
|---|---|---|---|
| 001 | BR2015003146 | ||
| 003 | BR-BrBNA | ||
| 005 | 20231205125347.0 | ||
| 007 | ta | ||
| 008 | 230509b bl.|||p| |||| 00| 00por d | ||
| 040 |
_aBR-BrBNA _bpor _cBiblioteca Nacional de Agricultura |
||
| 041 | _a(Pt) | ||
| 072 | _aK10 | ||
| 100 | 1 | _aSilva, F.R. da | |
| 100 | 1 | _aSilva, V.S. de M. e | |
| 100 | 1 | _aMiranda, S.O. de | |
| 245 | 1 | _aCrescimento de Tectona grandis em uma plantação no município de Alta Floresta, Mato Grosso | |
| 650 | _aTECTONA GRANDIS | ||
| 650 | _aTECA | ||
| 650 | _aCRESCIMENTO | ||
| 650 | _aREFLORESTAMENTO | ||
| 773 | 0 |
_t(Floresta (Brazil) _xISSN 0015-3826 _g(Oct-Dec 2014), v. 44(4) p. 577-588 _wBR2015003146 |
|
| 909 |
_a202311 _bLúcia _c55 _dLúcia Elande |
||
| 942 |
_2AGRIS _n0 _cANA |
||
| 999 |
_c243971 _d243971 |
||